000 01126nam a2200229Ia 4500
001 8762
003 GE_BSU
008 181216s||||||||xx |||||||||||||| ||und||
040 _cGE_BSU
080 _a821.353.1-32
100 _aიაკაშვილი, ვლადიმერ
245 _aგაბზარული თილისმა. სამზადისი. მხატვარი. მამა. სპირალი. დახლიდარი. უბრალო კაცი
245 _bმოთხრობები
245 _cო. ეგაძის ბოლოსიტყვაობით და რედ. ილ. გ. გორდელაძე
260 _aთბილისი.
260 _bსაბჭ.საქართველო
260 _c1963
300 _a335გვ. ილ. 21სმ.
653 _aგაბზარული თილისმა. სამზადისი. მხატვარი. მამა. სპირალი. დახლიდარი. უბრალო კაცი
653 _aმოთხრობები
942 _cBK
999 _c42072
_d42072